000 00664nam a2200277Ia 4500
005 20260121125329.0
008 008 260114s9999 xx 000 0 eng d
020 _a9781526131065
037 _aEBOOK
040 _aCRL
040 _beng
040 _cCRL
041 _2eng
041 _aeng
084 _qCRL
100 _aRofe, J. Simon
_9991145
245 0 _aSport and diplomacy: Games within games
260 _bWalter de Gruyter
260 _bWalter de Gruyter
260 _c2018
650 _aHistory
_9991146
856 _uhttp://www.degruyter.com/isbn/9781526131065
942 _cEBOOK
999 _c1561210
_d1561210